Países que terminam com "stão" - Statistics

Estatísticas Gerais
  • Esse quiz foi jogado 238 vezes
  • A pontuação média é 6 de 7
Estatísticas das Respostas
Resposta % Correto
Paquistão
97%
Turcomenistão
93%
Uzbequistão
93%
Afeganistão
92%
Cazaquistão
92%
Quirguistão
89%
Tajiquistão
83%
Nenhum quiz correspondente encontrado
Distribuição das Pontuações
Porcentagem de Pessoas com Cada Pontuação
Percentil de Números Respondidos
Sua Pontuação Histórica
Você não jogou esse quiz